000 00868nas a2200241 454500
001 30096
005 20260407193508.0
008 260407s1992####ag###########|||spa#d
003 AR-UNSa-BCEJYS
040 _aAR-UNSa-BCEJYS
_bspa
_cAR-UNSa-BCEJYS
080 _a330
_xEconomía en general
245 1 0 _aTemas económicos
264 1 _aRío Cuarto :
_bUniversidad Nacional de Río Cuarto
_c1992
310 _aFrecuencia: Mensual Cambia de Director a partir del Año 17, Nº 176 por Roberto Tafani
041 _aspa
942 _cSER
590 _aniveau_biblio:s niveau_hierar:1
100 1 _aUniversidad Nacional de Río Cuarto. Facultad de Ciencias Económicas
700 1 _aMarchesini, Carlos A.
650 _aECONOMIA
650 _aCORDOBA
856 4 1 _uhttps://biblioeco.unsa.edu.ar/pmb/images/revistas/Temas Economicos-r14587.jpg
_yImagen de portada
_qimage/jpeg
999 _c8691
_d8691